000 00275nam a2200121Ia 4500
008 190216s9999||||xx |||||||||||||| ||und||
100 _aVaish M C
245 0 _aMonetary Theory
260 _bVikas Publishing House
_c1976
300 _a715p
650 _aEconomics
942 _cBK
999 _c9640
_d9640